000 00978nas a22002177a 4500
007 ta
008 230112s2023 xxk||||o |||| 00| 0 eng d
041 _aeng
100 _aLemen, Jen
110 _94900
_aRoyal Institution of Chartered Surveyors
245 _aAn A–Z of construction technology for APC
_c[electronic resource]
260 _bRoyal Institution of Chartered Surveyors,
_c7 November 2023
490 _aRICS Built Environment Journal,
_v7 November 2023
520 _aAchieving the Building pathology competency means you must prove you understand a range of building defects, their causes and remedies, as Built Environment Journal's second APC A–Z article shows
650 _aCONSTRUCTION TECHNOLOGY
650 _aAPC
651 _aInternational
690 _96230
_aConstruction management
700 _aLemen, Jen
856 _uhttps://ww3.rics.org/uk/en/journals/built-environment-journal/construction-technology-apc.html
_zAvailable from RICS journals
999 _c121705
_d121705